[Event "ICS rated blitz match"]
[Site "207.99.83.229"]
[Date "1999.06.13"]
[Round "?"]
[White "Hossa"]
[Black "matar"]
[Result "1-0"]
[WhiteElo "2470"]
[BlackElo "2289"]
[PlyCount "45"]

1. e4 c5 2. Nf3 e6 3. d4 cxd4 4. Nxd4 a6 5. Bd3 Nf6 6. O-O Qc7 7. Nc3 Nc6 8.
Be3 Ne5 9. Be2 d6 10. f4 Nc4 11. Bxc4 Qxc4 12. Qf3 e5 13. fxe5 dxe5 14. Nf5 b5
15. Qg3 Bxf5 16. Rxf5 Nd7 17. Qf2 f6 18. Rd1 Bc5 19. Rd3 Rd8 20. Rxd7 Rxd7 21.
Bxc5 Kf7 22. Rxe5 b4 23. Rd5 {matar resigns} 1-0

[Event "ICS rated blitz match"]
[Site "207.99.83.229"]
[Date "1999.06.13"]
[Round "?"]
[White "PostModernist"]
[Black "Hossa"]
[Result "1/2-1/2"]
[WhiteElo "2554"]
[BlackElo "2478"]
[PlyCount "152"]

1. c4 Nf6 2. Nc3 e5 3. Nf3 Nc6 4. e3 Bb4 5. Nd5 e4 6. Ng1 O-O 7. a3 Ba5 8. b4
Bb6 9. Bb2 Nxd5 10. cxd5 Ne7 11. Qg4 Ng6 12. Qxe4 a5 13. Nf3 Re8 14. Qc4 d6 15.
Bd3 axb4 16. axb4 Rxa1+ 17. Bxa1 Ne5 18. Bxe5 dxe5 19. Qh4 Qxh4 20. Nxh4 e4 21.
Bb5 Rd8 22. f4 Rxd5 23. Bc4 Rd6 24. Rf1 c5 25. f5 cxb4 26. Rf4 Bd8 27. Rxe4
Bxh4+ 28. g3 Kf8 29. Rxh4 Bxf5 30. Rf4 Bg6 31. Bb3 Rb6 32. Rc4 Ke7 33. d4 Kd6
34. Kf2 Be4 35. Rc5 f6 36. Ke2 h6 37. h4 f5 38. h5 Kd7 39. Re5 Bb1 40. Kd2 g6
41. Bc2 Bxc2 42. Kxc2 b3+ 43. Kb2 Kd8 44. hxg6 Rxg6 45. Rd5+ Kc7 46. Rxf5 Rxg3
47. Re5 h5 48. Kxb3 h4 49. Kb4 h3 50. e4 Re3 51. Kc4 Kd6 52. Rd5+ Ke6 53. Rh5
b5+ 54. Kc5 b4 55. d5+ Kf6 56. Kxb4 Rxe4+ 57. Kc5 Re3 58. d6 Re5+ 59. Rxe5 Kxe5
60. d7 h2 61. d8=Q h1=Q 62. Qg5+ Ke6 63. Qg6+ Kd7 64. Qf7+ Kc8 65. Qf8+ Kb7 66.
Qe7+ Ka6 67. Qe6+ Ka7 68. Qb6+ Ka8 69. Qd8+ Ka7 70. Qb6+ Ka8 71. Qa5+ Kb8 72.
Qd8+ Ka7 73. Qa5+ Kb8 74. Kd6 Qe4 75. Qc7+ Ka8 76. Qa5+ 76... Kb8 {
Game drawn by mutual agreement} 1/2-1/2

[Event "ICS rated blitz match"]
[Site "207.99.83.229"]
[Date "1999.06.13"]
[Round "?"]
[White "Hossa"]
[Black "RagingBull"]
[Result "1-0"]
[WhiteElo "2481"]
[BlackElo "2185"]
[PlyCount "101"]

1. e4 e5 2. Nf3 Nc6 3. Bb5 a6 4. Ba4 d6 5. d4 b5 6. d5 bxa4 7. dxc6 Ne7 8. O-O
Be6 9. c3 Nxc6 10. Bg5 Be7 11. Bxe7 Nxe7 12. Qxa4+ Qd7 13. Qxd7+ Bxd7 14. Nbd2
O-O 15. Ng5 f5 16. Rad1 f4 17. b3 Nc6 18. a4 a5 19. Kh1 h6 20. Ngf3 g5 21. Ne1
Be6 22. f3 Rab8 23. Rb1 Rb6 24. Nd3 Rfb8 25. Nc1 Kg7 26. Rb2 Kf6 27. Rc2 h5 28.
Kg1 g4 29. Kh1 Rg8 30. fxg4 hxg4 31. b4 Rgb8 32. b5 Ne7 33. c4 Rh8 34. Rc3 g3
35. Rxg3 Ng6 36. Ncb3 Rh6 37. Nxa5 Rb8 38. Nab3 Rbh8 39. h3 Ke7 40. Rd3 Nh4 41.
Rf2 Nxg2 42. Kxg2 Bxh3+ 43. Kf3 Rh4 44. Ke2 Bg4+ 45. Nf3 Rh3 46. a5 Rh1 47. Kd2
Rb1 48. Kc2 Rhh1 49. c5 Bxf3 50. cxd6+ cxd6 51. Rfxf3 {RagingBull resigns} 1-0

[Event "ICS rated standard match"]
[Site "207.99.83.229"]
[Date "1999.06.13"]
[Round "?"]
[White "Fallen-Star"]
[Black "Hossa"]
[Result "1-0"]
[WhiteElo "2077"]
[BlackElo "2260"]
[PlyCount "172"]

1. d4 Nc6 2. e4 d5 3. exd5 Qxd5 4. Nf3 Bg4 5. Be2 O-O-O 6. Be3 Qd6 7. c3 e6 8.
Nbd2 Nf6 9. O-O Be7 10. a4 Nd5 11. a5 Nf4 12. Bb5 g5 13. Qa4 Nb8 14. a6 Nxa6
15. Bxa6 Qxa6 16. Qxa6 bxa6 17. Rxa6 Kb7 18. Rfa1 Ra8 19. Bxf4 gxf4 20. R6a5
Rhg8 21. Kf1 Bf6 22. Ne5 Bxe5 23. Rxe5 Bf5 24. f3 f6 25. Rc5 Rg7 26. Kf2 Rag8
27. Rg1 Bh3 28. g3 Bf5 29. b4 h5 30. Nc4 fxg3+ 31. hxg3 h4 32. g4 Bg6 33. Na5+
Ka8 34. Nc6 a6 35. Ra1 Kb7 36. Na5+ Kc8 37. Nc4 Kb7 38. Na5+ Kc8 39. Rc6 Re8
40. Rxa6 Bd3 41. Ra8+ Kd7 42. Rxe8 Kxe8 43. Rh1 Rh7 44. Nb3 Bc4 45. Nd2 Bd3 46.
Ke3 Bb5 47. Kf4 Bd3 48. Ne4 Kf7 49. g5 Bxe4 50. fxe4 fxg5+ 51. Kxg5 Rg7+ 52.
Kf4 Rh7 53. Rh3 Ke7 54. Kg4 Kd6 55. Rxh4 Rg7+ 56. Kf4 Rf7+ 57. Ke3 Kc6 58. Kd3
Re7 59. Kc4 Rg7 60. Rh6 Kd7 61. Kc5 Rg5+ 62. e5 Rg7 63. c4 Rg4 64. Rh7+ Kd8 65.
b5 Re4 66. Rg7 Rf4 67. d5 exd5 68. cxd5 Rf2 69. Kc6 Rc2+ 70. Kb7 Rd2 71. Rg8+
Ke7 72. Kxc7 Rxd5 73. b6 Rc5+ 74. Kb8 Rxe5 75. b7 Kf7 76. Rd8 Re3 77. Rd4 Ke7
78. Kc7 Rc3+ 79. Kb6 Rb3+ 80. Kc6 Ke8 81. Rd5 Ke7 82. Rb5 Rc3+ 83. Kb6 Rc1 84.
b8=Q Rd1 85. Qe5+ Kd7 86. Rd5+ 86... Rxd5 {Hossa resigns} 1-0

[Event "ICS rated blitz match"]
[Site "207.99.83.229"]
[Date "1999.06.13"]
[Round "?"]
[White "PostModernist"]
[Black "Hossa"]
[Result "0-1"]
[WhiteElo "2576"]
[BlackElo "2486"]
[PlyCount "112"]

1. e4 e5 2. Nf3 Nc6 3. Bb5 a6 4. Ba4 Nf6 5. d4 exd4 6. O-O Bc5 7. e5 Ng8 8. c3
dxc3 9. Nxc3 Nge7 10. Ne4 Bb6 11. Bg5 O-O 12. Bc2 Qe8 13. Nc3 Ng6 14. Bxg6 fxg6
15. Nd5 Qe6 16. Nxb6 cxb6 17. Re1 a5 18. Qe2 a4 19. Qe3 Qg4 20. h3 Qh5 21. b3
Rxf3 22. gxf3 h6 23. Bf4 Qxh3 24. bxa4 Kh8 25. Qe4 Qe6 26. Reb1 Ra6 27. Rb3 g5
28. Bh2 h5 29. Kh1 Ra5 30. Rxb6 Qh3 31. Rb5 Ra6 32. Rg1 Ne7 33. Rb3 Rc6 34. f4
Qh4 35. Rbg3 g4 36. Qd3 Ng6 37. Qe3 Ne7 38. Qb3 Nf5 39. R3g2 Qe7 40. a3 Qf8 41.
Bg3 Rh6 42. Qb4 Qd8 43. Qe4 d5 44. Rd1 Be6 45. Qe1 d4 46. Kg1 Bd5 47. Rh2 Bf3
48. Rd3 h4 49. Kf1 Qc8 50. Rd2 Rc6 51. Rd1 Bxd1 52. Bxh4 Rc1 53. Be7+ Kg8 54.
Bb4 Nh6 55. f3 Bxf3 56. Bd2 56... g3 {PostModernist resigns} 0-1

[Event "ICS rated standard match"]
[Site "207.99.83.229"]
[Date "1999.06.13"]
[Round "?"]
[White "robbok1"]
[Black "Hossa"]
[Result "1-0"]
[WhiteElo "2409"]
[BlackElo "2253"]
[PlyCount "118"]

1. e4 e5 2. Nf3 Nc6 3. d4 exd4 4. Bc4 Nf6 5. e5 d5 6. Bb5 Ne4 7. Nxd4 Bd7 8.
Bxc6 bxc6 9. O-O Bc5 10. f3 Ng5 11. Be3 O-O 12. f4 Ne4 13. Nd2 Rb8 14. Nxe4
dxe4 15. Qe1 Rxb2 16. Qc3 Bxd4 17. Bxd4 Rb5 18. e6 fxe6 19. Bxg7 Rf7 20. a4 Rh5
21. Be5 Qh4 22. h3 Rh6 23. Rab1 Rg6 24. g4 c5 25. Rb8+ Rf8 26. Rb7 Bxa4 27.
Rxc7 Bxc2 28. Qxc2 Qxh3 29. Qxe4 Rxg4+ 30. Kf2 Rd8 31. Bc3 Kf8 32. Rxc5 Qh2+
33. Ke1 Rg1 34. Bd4 Qg3+ 35. Bf2 Rd1+ 36. Kxd1 Rxf1+ 37. Be1 Rxe1+ 38. Qxe1
Qxf4 39. Qe5 Qf1+ 40. Kd2 Qf2+ 41. Kd3 Qf3+ 42. Qe3 Qd1+ 43. Ke4 Ke8 44. Ke5
Qd8 45. Qc1 Qb8+ 46. Kxe6 Qb3+ 47. Qc4 Qb6+ 48. Ke5 Qb2+ 49. Qd4 Qh2+ 50. Ke6
Qh3+ 51. Rf5 Qb3+ 52. Qd5 Qxd5+ 53. Kxd5 a5 54. Rh5 h6 55. Rxh6 a4 56. Kc4 Kd7
57. Kb4 a3 58. Kxa3 Kc7 59. Kb4 59... Kd7 {Hossa resigns} 1-0

[Event "ICS rated standard match"]
[Site "207.99.83.229"]
[Date "1999.06.13"]
[Round "?"]
[White "Hossa"]
[Black "robbok1"]
[Result "0-1"]
[WhiteElo "2244"]
[BlackElo "2418"]
[PlyCount "65"]

1. d4 Nf6 2. f4 d5 3. Nf3 Bf5 4. e3 e6 5. Bb5+ Nbd7 6. O-O Bd6 7. Nc3 O-O 8.
Ne5 c6 9. Bd3 Re8 10. Qf3 Qb6 11. Bxf5 exf5 12. Qh3 g6 13. a4 a5 14. Qh6 Bf8
15. Qg5 Bg7 16. h4 Rad8 17. Ra3 Nh5 18. Rb3 Qa7 19. Nxg6 fxg6 20. g4 Bf6 21.
Qh6 fxg4 22. Ne2 Qa6 23. Rd3 Qc4 24. f5 Bg7 25. Qg5 Qxc2 26. Rd2 Qe4 27. Rdd1
Bf6 28. Qh6 g3 29. fxg6 Qxg6 30. Qxg6+ hxg6 31. Kg2 Bxh4 32. Rh1 Re4 33. Nf4 {
Hossa resigns} 0-1

[Event "ICS Rated standard match"]
[Site "207.99.83.229"]
[Date "1999.06.13"]
[Round "?"]
[White "Beachy"]
[Black "Hossa"]
[Result "1/2-1/2"]
[WhiteElo "2218"]
[BlackElo "2235"]
[PlyCount "84"]

1. e4 c5 2. Bc4 e6 3. Nc3 d6 4. Nf3 Nf6 5. O-O Be7 6. d4 O-O 7. dxc5 dxc5 8.
Qe2 Nc6 9. Rd1 Qb6 10. Bb3 Nd4 11. Nxd4 cxd4 12. Na4 Qc7 13. Rxd4 e5 14. Rd1
Bg4 15. f3 Bd7 16. Be3 Qa5 17. Nc3 Ba3 18. Nd5 Bxb2 19. Nxf6+ gxf6 20. Rab1 Bd4
21. Bxd4 exd4 22. Bd5 Bc6 23. Qc4 f5 24. Rxd4 fxe4 25. Bxc6 bxc6 26. Rxe4 Rae8
27. Rxe8 Rxe8 28. c3 Qg5 29. Rd1 Qe3+ 30. Kf1 c5 31. a3 h5 32. a4 a5 33. Qb5
Qe5 34. h3 Qe3 35. Qd3 Qf4 36. Qd2 Qh4 37. Qd7 Kf8 38. Qd6+ Kg8 39. Qxc5 Qxa4
40. Qg5+ Kf8 41. Qc5+ Kg8 42. Qg5+ 42... Kf8 {Game drawn by mutual agreement}
1/2-1/2

[Event "ICS rated standard match"]
[Site "207.99.83.229"]
[Date "1999.06.13"]
[Round "?"]
[White "Hossa"]
[Black "grshppr"]
[Result "0-1"]
[WhiteElo "2234"]
[BlackElo "1891"]
[PlyCount "105"]

1. e4 c5 2. Nf3 d6 3. d4 cxd4 4. Nxd4 Nf6 5. Nc3 a6 6. Rg1 g6 7. Bg5 Nbd7 8.
Qd2 h6 9. Bh4 e5 10. Bxf6 Nxf6 11. Nf3 Be6 12. O-O-O Rc8 13. Kb1 Be7 14. Bd3 b5
15. Rge1 Rc5 16. h4 Qc8 17. Rh1 O-O 18. h5 g5 19. Nxg5 hxg5 20. Qxg5+ Kh8 21.
Qh6+ Nh7 22. Qd2 Bg5 23. Qe1 Rxc3 24. bxc3 Qc5 25. Kb2 Rc8 26. f3 Kg8 27. g3
Bd8 28. Bf1 Ba5 29. Rd3 Qc4 30. Qb1 Bxc3+ 31. Kc1 Qc5 32. Kd1 Qf2 33. Be2 Qg2
34. Rf1 Bc4 35. g4 Ng5 36. Qc1 Nh3 37. Qe3 Bxd3 38. Bxd3 Bd4 39. Qe2 Nf2+ 40.
Kd2 Bc3+ 41. Kc1 Nxd3+ 42. Qxd3 Bd4 43. Rd1 Rc3 44. Rd2 Rxd3 45. Rxg2 Rxf3 46.
Kd2 Rh3 47. Kd1 b4 48. Rd2 Rg3 49. Ke2 Bc5 50. Kf1 Rxg4 51. Rg2 Rxg2 52. Kxg2
Kg7 53. Kg3 {Hossa resigns} 0-1

[Event "ICS Rated standard match"]
[Site "207.99.83.229"]
[Date "1999.06.13"]
[Round "?"]
[White "Hossa"]
[Black "Kind-Bishop"]
[Result "1-0"]
[WhiteElo "2216"]
[BlackElo "1931"]
[PlyCount "49"]

1. e4 e5 2. Nf3 Nc6 3. d4 exd4 4. Bc4 Nf6 5. e5 d5 6. Bb5 Bb4+ 7. c3 dxc3 8.
bxc3 Qe7 9. O-O O-O 10. exf6 Qxf6 11. Bg5 Bxc3 12. Bxf6 Bxf6 13. Nbd2 Bxa1 14.
Qxa1 Nd8 15. Bd3 c5 16. Qe5 Be6 17. Qd6 c4 18. Bxh7+ Kxh7 19. Qxf8 Rc8 20. Ng5+
Kg6 21. Nxe6 fxe6 22. Nxc4 dxc4 23. Rd1 c3 24. Rxd8 Rxd8 25. Qxd8 {
Kind-Bishop resigns} 1-0

[Event "ICS Rated blitz match"]
[Site "207.99.83.229"]
[Date "1999.06.13"]
[Round "?"]
[White "MiddleHead"]
[Black "Hossa"]
[Result "1-0"]
[WhiteElo "2195"]
[BlackElo "2503"]
[PlyCount "55"]

1. e4 c5 2. Nf3 d6 3. d4 cxd4 4. Nxd4 Nf6 5. Nc3 a6 6. Be2 e5 7. Nb3 Be7 8. O-O
Be6 9. f4 Qc7 10. f5 Bc4 11. g4 Qb6+ 12. Kh1 Bxe2 13. Qxe2 h6 14. Be3 Qd8 15.
Rad1 O-O 16. h4 Nfd7 17. g5 hxg5 18. Rg1 f6 19. Nd5 Rf7 20. Rd2 gxh4 21. Qh5 a5
22. Rh2 Bf8 23. Rxh4 Re7 24. Qh7+ Kf7 25. Qg6+ Kg8 26. Rg2 Re8 27. Rgh2 Qe7 28.
Rh8# {Hossa checkmated} 1-0

[Event "ICS rated blitz match"]
[Site "207.99.83.229"]
[Date "1999.06.13"]
[Round "?"]
[White "Hossa"]
[Black "RedBear"]
[Result "0-1"]
[WhiteElo "2476"]
[BlackElo "2564"]
[PlyCount "148"]

1. e4 c5 2. Nf3 e6 3. d4 cxd4 4. Nxd4 Nc6 5. Nc3 Nf6 6. Ndb5 d6 7. Bf4 e5 8.
Bg5 a6 9. Bxf6 gxf6 10. Na3 b5 11. Qd5 Bd7 12. Bxb5 axb5 13. Ncxb5 Qa5+ 14. c3
Rb8 15. Rd1 Qb6 16. Nxd6+ Bxd6 17. Nc4 Be6 18. Nxb6 Bxd5 19. Nxd5 Rxb2 20.
Nxf6+ Ke7 21. Nd5+ Ke6 22. O-O Ra8 23. c4 Raxa2 24. Nc3 Ra5 25. Nb5 Bb4 26.
Nc7+ Ke7 27. Nd5+ Kf8 28. Rb1 Rxb1 29. Rxb1 Bc5 30. Nf6 Kg7 31. Nd7 Bd4 32. h3
Ra2 33. c5 Rxf2 34. Kh2 Rc2 35. Rb6 Nd8 36. Rf6 Bxc5 37. Rf5 Bd6 38. Rg5+ Kh6
39. Rf5 Rd2 40. h4 Bc7 41. Nf6 Ne6 42. Nd5 Bd8 43. Kh3 Nc5 44. Rxe5 Nd3 45. Rf5
Nf2+ 46. Kh2 Nxe4 47. Nf4 Rf2 48. Rh5+ Kg7 49. Nd5 f5 50. Kg1 h6 51. Nc3 Bb6
52. Nxe4 fxe4 53. Kh2 e3 54. Kh3 e2 55. Re5 Ba5 56. Kg4 e1=Q 57. Rxe1 Bxe1 58.
Kh3 h5 59. Kg3 Rf1+ 60. Kh2 Bxh4 61. g4 hxg4 62. Kg2 Rg1+ 63. Kxg1 Kg6 64. Kh2
Kf5 65. Kg1 Kf4 66. Kg2 g3 67. Kf1 Kf3 68. Ke1 g2+ 69. Kd1 Ke3 70. Kc1 Kd3 71.
Kb2 g1=Q 72. Ka3 Qb6 73. Ka2 Kc3 74. Ka1 74... Qb2# {Hossa checkmated} 0-1

[Event "ICS rated standard match"]
[Site "207.99.83.229"]
[Date "1999.06.13"]
[Round "?"]
[White "camb"]
[Black "Hossa"]
[Result "1-0"]
[WhiteElo "2432"]
[BlackElo "2221"]
[PlyCount "104"]

1. d4 Nf6 2. c4 e6 3. Nf3 b6 4. Nc3 Bb7 5. e3 Bb4 6. Bd2 Bxc3 7. Bxc3 Ne4 8.
Rc1 Nxc3 9. Rxc3 O-O 10. Bd3 Qf6 11. O-O Bxf3 12. Qxf3 Qxf3 13. gxf3 f5 14. c5
Kf7 15. a3 Kg6 16. cxb6 cxb6 17. Rfc1 Kf6 18. Rc7 Ke7 19. Rb7 Kd6 20. Rcc7 a6
21. a4 a5 22. e4 Rd8 23. exf5 e5 24. dxe5+ Kxe5 25. Rxb6 Nc6 26. Be4 Kd6 27.
Rcb7 Rg8 28. Rb5 Nb4 29. h4 Ra6 30. Kf1 Rf8 31. h5 Ke7 32. Re5+ Kf6 33. f4 Rd8
34. Ke2 Kf7 35. Rc7 Kf8 36. f3 Kf7 37. Ke3 Kf6 38. Rb5 h6 39. b3 Re8 40. Rxd7
Re7 41. Rxe7 Kxe7 42. Rb7+ Kf8 43. Kd4 Kg8 44. Rb8+ Kf7 45. Kc5 Ra7 46. Kb6
Ra6+ 47. Kb5 Ra7 48. Bb7 Nd3 49. Kb6 Rxb7+ 50. Rxb7+ Kf6 51. Kxa5 Kxf5 52. Kb5
52... Nc1 {Hossa resigns} 1-0

[Event "ICS Rated standard match"]
[Site "207.99.83.229"]
[Date "1999.06.14"]
[Round "?"]
[White "Hossa"]
[Black "chalenger"]
[Result "1-0"]
[WhiteElo "2218"]
[BlackElo "2205"]
[PlyCount "63"]

1. e4 c5 2. Nf3 d6 3. d4 cxd4 4. Nxd4 Nf6 5. Nc3 a6 6. Be2 e6 7. f4 Be7 8. O-O
O-O 9. Be3 Qc7 10. g4 Nc6 11. g5 Nd7 12. Kh1 Nxd4 13. Qxd4 b6 14. f5 Re8 15. f6
Bf8 16. Rad1 g6 17. Bf3 Bb7 18. Bg2 b5 19. a3 Rec8 20. Rf2 Ne5 21. Re1 Bc6 22.
Ne2 Qb7 23. Rg1 Ng4 24. Rff1 a5 25. Bd2 Ne5 26. Bc3 Rab8 27. Bxa5 Ra8 28. Bd2
Ra4 29. Bb4 Rd8 30. c3 Raa8 31. Nf4 Nc4 32. Nxe6 {chalenger resigns} 1-0

[Event "ICS Rated standard match"]
[Site "207.99.83.229"]
[Date "1999.06.14"]
[Round "?"]
[White "Hossa"]
[Black "RedBear"]
[Result "1-0"]
[WhiteElo "2233"]
[BlackElo "2382"]
[PlyCount "78"]

1. e4 c5 2. Nf3 e6 3. d4 cxd4 4. Nxd4 Nc6 5. Nb5 d6 6. c4 Nf6 7. N1c3 a6 8. Na3
b6 9. Be2 Bb7 10. Be3 Nb8 11. e5 dxe5 12. Qxd8+ Kxd8 13. Bxb6+ Ke8 14. O-O Nbd7
15. Ba5 Bxa3 16. bxa3 Rc8 17. Rab1 Ba8 18. Bb4 Ne4 19. Rfd1 Nxc3 20. Bxc3 Be4
21. Rbc1 Rc6 22. Rd2 Rc7 23. Rcd1 Rf8 24. Rd6 Bc6 25. R1d2 h6 26. Bb4 Rg8 27.
c5 Bd5 28. Rxa6 Nb8 29. Rd6 f6 30. Bd1 Ke7 31. Bb3 Nc6 32. Bxd5 exd5 33. R2xd5
Rb8 34. Be1 Nd4 35. Rb6 Rxb6 36. cxb6 Rc1 37. Kf1 Ke6 38. Rb5 Kd7 39. b7 39...
Nc2 {RedBear resigns} 1-0

[Event "ICS rated blitz match"]
[Site "207.99.83.229"]
[Date "1999.06.14"]
[Round "?"]
[White "Hossa"]
[Black "SuperChicken"]
[Result "0-1"]
[WhiteElo "2464"]
[BlackElo "2737"]
[PlyCount "115"]

1. e4 c5 2. Nf3 e6 3. d4 cxd4 4. Nxd4 Nf6 5. Nc3 Nc6 6. Ndb5 d6 7. Bf4 e5 8.
Bg5 a6 9. Na3 b5 10. Bxf6 gxf6 11. Nd5 f5 12. Bd3 Be6 13. O-O Bxd5 14. exd5 Ne7
15. Nxb5 Bg7 16. Nc3 e4 17. Bc4 Qa5 18. Qd2 O-O 19. Qg5 Rfe8 20. Bb3 Ng6 21.
Na4 f4 22. Qg4 Qd8 23. Rae1 Qh4 24. Qxh4 Nxh4 25. Nb6 Rad8 26. Ba4 Re7 27. Nc4
f3 28. g3 Ng6 29. Kh1 f5 30. Bc6 Rc7 31. g4 Ne7 32. gxf5 Nxc6 33. dxc6 d5 34.
Na5 Bxb2 35. c4 dxc4 36. Rg1+ Kf8 37. Nxc4 Bd4 38. Rxe4 Bxf2 39. Rf1 Rxc6 40.
Rf4 Bd4 41. Na3 f2 42. Kg2 Kf7 43. Rxd4 Rxd4 44. Rxf2 Kf6 45. Nc2 Re4 46. Kf3
Rcc4 47. Ne3 Rf4+ 48. Ke2 Rxf2+ 49. Kxf2 Ra4 50. Kf3 Ke5 51. h3 Ra3 52. h4 Kd4
53. Kf4 Rxe3 54. f6 Re4+ 55. Kf5 Rxh4 56. f7 Ke3 57. Kf6 Rf4+ 58. Kg7 {
Hossa resigns} 0-1

[Event "ICS rated blitz match"]
[Site "207.99.83.229"]
[Date "1999.06.14"]
[Round "?"]
[White "RedBear"]
[Black "Hossa"]
[Result "1-0"]
[WhiteElo "2559"]
[BlackElo "2458"]
[PlyCount "165"]

1. e4 e6 2. d4 d5 3. Nc3 Nf6 4. Bg5 dxe4 5. Nxe4 Bb4+ 6. c3 Be7 7. Bb5+ Bd7 8.
Bxf6 Bxf6 9. Qb3 Nc6 10. Ne2 O-O 11. O-O a6 12. Nxf6+ Qxf6 13. Bd3 Rab8 14. Qc2
Qh4 15. g3 Qh6 16. Be4 Ne7 17. h4 Bc6 18. Nf4 Bxe4 19. Qxe4 c6 20. Rae1 Rbd8
21. Nd3 Nf5 22. Nc5 Nd6 23. Qg4 a5 24. Qf3 Qg6 25. b3 Kh8 26. Kh2 Rg8 27. Re5
Rge8 28. Rg5 Qf6 29. Qxf6 gxf6 30. Rh5 Kg7 31. Re1 Rf8 32. Kg2 b6 33. Na4 Rb8
34. Nb2 Kg6 35. g4 f5 36. Nc4 Nxc4 37. Rg5+ Kf6 38. bxc4 fxg4 39. Re4 Ke7 40.
Rexg4 Rbe8 41. Kf3 f6 42. Rg7+ Rf7 43. Rg1 Rb8 44. Ke4 Rd8 45. h5 b5 46. c5
Rdf8 47. h6 a4 48. a3 Rxg7 49. Rxg7+ Rf7 50. Rg8 Rf8 51. Rg1 Rf7 52. Rg3 Kf8
53. f4 Ke8 54. Rg8+ Rf8 55. Rg2 Rf7 56. Rg3 Kd7 57. Rg8 Ke7 58. Ra8 Kd7 59. c4
bxc4 60. Rxa4 f5+ 61. Ke5 Ke7 62. Rxc4 Rf6 63. Rb4 Rxh6 64. Rb7+ Kd8 65. Kd6
e5+ 66. Kxe5 Kc8 67. Rb6 Kc7 68. d5 Kc8 69. Rxc6+ Rxc6 70. dxc6 Kc7 71. Kxf5 h5
72. Kg5 Kc8 73. f5 Kd8 74. f6 Ke8 75. f7+ Ke7 76. Kg6 h4 77. Kg7 Ke6 78. f8=Q
Kd5 79. c7 h3 80. Qf4 h2 81. c8=Q h1=B 82. Qb7+ Ke6 83. Qbf7# {Hossa checkmated
} 1-0

[Event "ICS rated standard match"]
[Site "207.99.83.229"]
[Date "1999.06.14"]
[Round "?"]
[White "Mofongo"]
[Black "Hossa"]
[Result "1-0"]
[WhiteElo "2503"]
[BlackElo "2264"]
[PlyCount "103"]

1. d4 Nf6 2. c4 g6 3. Nc3 Bg7 4. e4 d6 5. Nf3 O-O 6. Be3 e5 7. dxe5 dxe5 8. Qb3
Nc6 9. Rd1 Qe7 10. Bg5 Qc5 11. Qb5 Qxb5 12. cxb5 Nd4 13. Nxd4 exd4 14. Rxd4 Re8
15. f3 Be6 16. Be2 Ng4 17. Ra4 f6 18. Bf4 Ne5 19. O-O Red8 20. Bxe5 fxe5 21.
Bc4 Bxc4 22. Rxc4 Rac8 23. Nd5 Bf8 24. Rfc1 Bd6 25. Kf1 Kh8 26. Ke2 Rg8 27.
Nxc7 h5 28. Nd5 Ra8 29. Kf2 Rad8 30. Ra4 Bb8 31. Kg3 Rdf8 32. b6 a6 33. Rac4
Bd6 34. R1c2 g5 35. Ne3 Bb8 36. a4 Re8 37. Nd5 Ref8 38. Ne7 Rg7 39. Rc8 Rxc8
40. Rxc8+ Kh7 41. Nf5 Rg8 42. Rxg8 Kxg8 43. h4 gxh4+ 44. Kxh4 Kf7 45. Kxh5 Ke6
46. g4 Kf7 47. g5 Kf8 48. g6 Kg8 49. Kh6 a5 50. g7 Bd6 51. Kg6 Be7 52. Nxe7# {
Hossa checkmated} 1-0

[Event "ICS rated blitz match"]
[Site "207.99.83.229"]
[Date "1999.06.14"]
[Round "?"]
[White "blunite"]
[Black "Hossa"]
[Result "0-1"]
[WhiteElo "2206"]
[BlackElo "2451"]
[PlyCount "38"]

1. d4 Nf6 2. Nf3 g6 3. Nc3 Bg7 4. e4 O-O 5. Be2 d6 6. h3 e5 7. O-O exd4 8. Nxd4
Nc6 9. Nxc6 bxc6 10. Bf3 Nd7 11. Bd2 Ne5 12. Be2 Be6 13. b3 Nd7 14. Bf3 Qh4 15.
Rc1 Rae8 16. Re1 Bd4 17. Re2 Ne5 18. Re3 f5 19. exf5 19... Bxf5 {
blunite resigns} 0-1

[Event "ICS rated standard match"]
[Site "207.99.83.229"]
[Date "1999.06.14"]
[Round "?"]
[White "Pinhead"]
[Black "Hossa"]
[Result "0-1"]
[WhiteElo "1914"]
[BlackElo "2249"]
[PlyCount "86"]

1. e4 e6 2. d4 d5 3. Nc3 Bb4 4. a3 Bxc3+ 5. bxc3 dxe4 6. Qg4 Nf6 7. Qxg7 Rg8 8.
Qh6 Rg6 9. Qe3 c5 10. dxc5 Nbd7 11. Ne2 Qa5 12. Bd2 Kf8 13. Nf4 Rg7 14. Be2 e5
15. Nh5 Nxh5 16. Bxh5 Nf6 17. Qh6 Nxh5 18. Qxh5 Qxc5 19. O-O Bg4 20. Qh4 Qe7
21. Qxe7+ Kxe7 22. Kh1 Kd6 23. Be3 b6 24. h3 Be6 25. Rfd1+ Kc6 26. Rd2 Rag8 27.
g4 Bxg4 28. hxg4 Rxg4 29. f3 Rh4+ 30. Rh2 Rxh2+ 31. Kxh2 exf3 32. Rg1 Rxg1 33.
Kxg1 f5 34. Bh6 Kb5 35. Kf2 e4 36. Ke3 Kc5 37. Bg7 h5 38. Kf4 Kc4 39. Bd4 h4
40. Ke3 h3 41. Be5 a6 42. Kf2 h2 43. Bxh2 43... Kxc3 {Pinhead resigns} 0-1

[Event "ICS rated blitz match"]
[Site "207.99.83.229"]
[Date "1999.06.14"]
[Round "?"]
[White "Talmoves"]
[Black "Hossa"]
[Result "1-0"]
[WhiteElo "2551"]
[BlackElo "2457"]
[PlyCount "125"]

1. e4 e6 2. d4 d5 3. Nc3 Bb4 4. e5 c5 5. a3 Bxc3+ 6. bxc3 Ne7 7. Qg4 O-O 8. Bd3
cxd4 9. cxd4 Nbc6 10. Qh5 Nf5 11. Nf3 Qb6 12. g4 g6 13. Qh3 Nfxd4 14. Ng5 h5
15. gxh5 Qc7 16. hxg6 fxg6 17. f4 Nf5 18. Bb2 Qa5+ 19. c3 Qc7 20. Rg1 Qe7 21.
a4 Qg7 22. Ba3 Nce7 23. Rb1 Rb8 24. a5 Re8 25. Bb5 Rf8 26. Bc5 b6 27. axb6 axb6
28. Bd3 Bd7 29. Nxe6 Bxe6 30. Bxe7 Rf7 31. Bc5 Rfb7 32. Bf2 Qf7 33. Qh5 Kg7 34.
h4 Rc7 35. Kd2 Ra7 36. Rb2 Rab7 37. Bc2 b5 38. Bd3 b4 39. cxb4 Rxb4 40. Rxb4
Rxb4 41. Qg5 Rb2+ 42. Ke1 Rb3 43. Bc2 Rc3 44. Bd1 Ne3 45. f5 Nxf5 46. h5 Rc4
47. Kd2 Ne7 48. Be3 Bf5 49. hxg6 Bxg6 50. Bb3 Rc6 51. Ra1 Qe6 52. Ra7 Kf7 53.
Ba4 d4 54. Bxc6 dxe3+ 55. Ke1 Kg8 56. Ba4 Qd5 57. Bb3 Qxb3 58. Ra8+ Kh7 59.
Qh4+ Bh5 60. Qxh5+ Kg7 61. Qh8+ Kg6 62. Qf6+ Kh7 63. Rh8# {Hossa checkmated}
1-0

[Event "ICS rated blitz match"]
[Site "207.99.83.229"]
[Date "1999.06.14"]
[Round "?"]
[White "Hossa"]
[Black "DGNichols"]
[Result "1-0"]
[WhiteElo "2445"]
[BlackElo "2385"]
[PlyCount "151"]

1. e4 c5 2. d4 cxd4 3. Qxd4 Nc6 4. Qa4 Nf6 5. Nf3 g6 6. Nc3 Bg7 7. e5 Ng8 8.
Bf4 h6 9. O-O-O Qa5 10. Qxa5 Nxa5 11. Nd5 Kd8 12. e6 fxe6 13. Nc7 e5 14. Ne6+
Ke8 15. Nxg7+ Kf7 16. Bxe5 Nf6 17. Bxf6 exf6 18. Nf5 gxf5 19. Nh4 Nc6 20. Bc4+
Kg7 21. Nxf5+ Kh7 22. Bf7 Ne5 23. Bh5 b6 24. f4 Ng6 25. Bxg6+ Kxg6 26. Ne7+ Kf7
27. Nxc8 Rhxc8 28. Rxd7+ Kg6 29. g4 Rd8 30. f5+ Kg5 31. Rg7+ Kf4 32. Rf1+ Ke5
33. Re7+ Kd6 34. Re6+ Kc7 35. Rxf6 Rd6 36. Rf7+ Kc6 37. Rd1 Rxd1+ 38. Kxd1 Rg8
39. h3 a5 40. Rf6+ Kc5 41. Rxh6 Rd8+ 42. Ke2 Re8+ 43. Kf3 Kd4 44. Rxb6 Re3+ 45.
Kf4 Rxh3 46. Ra6 Rh2 47. Rxa5 Rxc2 48. Rb5 Rf2+ 49. Kg5 Ke4 50. Kf6 Kf4 51. g5
Rc2 52. Rb6 Rc5 53. Rb4+ Kg3 54. b3 Rc6+ 55. Ke7 Rc5 56. Ke6 Rc6+ 57. Kf7 Rc7+
58. Kg6 Rc6+ 59. f6 Ra6 60. a4 Kf3 61. Kg7 Ra5 62. Rb5 Ra7+ 63. f7 Kg3 64. Kg8
Ra8+ 65. f8=Q Rxf8+ 66. Kxf8 Kf3 67. g6 Ke3 68. g7 Kd3 69. g8=Q Kc3 70. Qc4+
Kb2 71. Ke7 Ka3 72. Qc1+ Ka2 73. Rc5 Kxb3 74. Qa1 Kb4 75. Qc3+ Kxa4 76. Ra5# {
DGNichols checkmated} 1-0

[Event "ICS rated blitz match"]
[Site "207.99.83.229"]
[Date "1999.06.14"]
[Round "?"]
[White "Talmoves"]
[Black "Hossa"]
[Result "1-0"]
[WhiteElo "2574"]
[BlackElo "2447"]
[PlyCount "62"]

1. e4 e6 2. d4 d5 3. Nc3 Bb4 4. e5 c5 5. a3 cxd4 6. axb4 dxc3 7. Nf3 Ne7 8. Bd3
O-O 9. Bxh7+ Kxh7 10. Ng5+ Kg6 11. Qg4 f5 12. exf6 Kxf6 13. bxc3 Rh8 14. Qf3+
Nf5 15. g4 Qd6 16. gxf5 exf5 17. Bf4 Qc6 18. Ra5 Be6 19. Qe3 Ke7 20. b5 Qc8 21.
Qe5 Rg8 22. Qd6+ Kf6 23. Rg1 Qxc3+ 24. Kd1 Qd4+ 25. Kc1 Qe4 26. Nxe4+ fxe4 27.
Rg6+ Kxg6 28. Qxe6+ Kh7 29. Ra3 e3 30. Rxe3 g6 31. Rh3+ 31... Kg7 {
Hossa resigns} 1-0

[Event "ICS rated blitz match"]
[Site "207.99.83.229"]
[Date "1999.06.14"]
[Round "?"]
[White "Hossa"]
[Black "blunite"]
[Result "1-0"]
[WhiteElo "2437"]
[BlackElo "2219"]
[PlyCount "65"]

1. e4 e5 2. Nf3 Nc6 3. d4 exd4 4. Bc4 Bc5 5. Ng5 Bb4+ 6. c3 dxc3 7. Bxf7+ Kf8
8. bxc3 Be7 9. Bd5 Nf6 10. Nf7 Qe8 11. Nxh8 Nxd5 12. Qxd5 Bf6 13. Ba3+ d6 14.
e5 Bxe5 15. O-O Be6 16. Qe4 Kg8 17. f4 Bf6 18. Re1 Nd8 19. f5 Be5 20. fxe6 Qxe6
21. Nd2 Kxh8 22. Re3 Nc6 23. Rh3 h6 24. Rf3 Re8 25. Qh4 Bf6 26. Qf2 Ne5 27. Rh3
d5 28. Qxa7 Qc6 29. Rf1 Kh7 30. Qf2 b5 31. Qf4 Re6 32. Qf5+ Kg8 33. Re3 {
blunite resigns} 1-0